000 01121nam a2200337Ia 4500
005 20220317001904.0
008 170410s2016 c g 000 j s
020 _a9789584243386
020 _a9584243381
041 _aspa
100 1 _aPadura Fuentes, Leonardo
_d1955-
245 1 0 _aAquello estaba deseando ocurrir
_cLeonardo Padura
250 _a2a. edición
300 _a260 páginas
_c21 cm
490 _aAndanzas
500 _aIncluye datos biográficos del autor en solapa
650 1 4 _2LEMB
_aCuentos cubanos
_ySiglo XX
650 1 4 _2LEMB
_aLiteratura cubana
_ySiglo XX
650 1 4 _2LEMB
_aSoldados en la literatura
650 1 4 _2LEMB
_aAfricanos en Cuba en la literatura
650 1 4 _2LEMB
_aEstudiantes en la literatura
650 1 4 _2LEMB
_aBalseros cubanos en la literatura
651 4 _aCuba
_vVida social y costumbres
_xCuentos
_ySiglo XX
_978568
942 _2loc
_cBKLIT
264 _aBogotá
_bTusquets
_c2016
336 _atexto
_btxt
_2rdacontent
337 _asin mediación
_bn
_2rdamedia
338 _avolumen
_bnc
_2rdacarrier
040 _aCO-BoRNBP
_bspa
_erda
_cCO-BoRNBP
084 _aC PAD1
999 _c8430
_d8430